00458nam a2200193Ia 4500008004100000020001800041050001400059100002300073245001700096245002600113260001500139260001600154260000900170300001500179300002700194300001000221440002500231500000800256170918s9999 xx 000 0 und d a9780516277363 bM132 2000 aMcCracken, Kristin aWill Smith / cby Kristin McCracken. aNew York : bScholastic, c2000 a48 pages : bcolored illustration ; c21cm. aHigh interest books. a820